00455 2200169 4500001002100000005001700021008004100038020002200079035002600101082000800127084001400135100002600149245002500175260004700200300002200247990001600269INLIS00000000000025720210217102658.0210217| ||| | ind  a978-979-24-1628-2 a 0010-0221000000002570 a570 a570 MUH b0 aAdi, Ramdhan Muhammad00cMuhammad Ramdhan Adi aJAWA BARAT:bPT INDAHJAYA Adipratamac2010 a68 hlm. ;c30 cm. a00000000614